MARC

LEADER 00000nas1a2200000 4500
001 151313
005 20231031150614.0
011 |a 0202-7321 
035 |a (RuTPU)RU\TPU\book\164056 
090 |a 151313 
100 |a 20090122b19681991k y0rusy50 ca 
101 0 |a rus 
102 |a RU 
110 |a zyuzz 0uu0 
200 1 |a Охрана природы и воспроизводство природных ресурсов  |f Академия наук СССР (АН СССР), Всесоюзный институт научной и технической информации (ВИНИТИ) 
210 |a Москва  |c Изд-во ВИНИТИ  |d 1968-1991 
225 1 |a Итоги науки и техники 
225 1 |a Охрана природы и воспроизводство природных ресурсов 
712 0 2 |a Академия наук СССР (АН СССР)  |b Всесоюзный институт научной и технической информации (ВИНИТИ)  |c (Москва)  |2 stltpush  |3 (RuTPU)RU\TPU\col\8361 
801 1 |a RU  |b 63413507  |c 20090122  |g PSBO 
801 2 |a RU  |b 63413507  |c 20231010  |g RCR 
942 |c CR